[Event "CZE-chT2A 1920"]
[Site "Czech Republic"]
[Date "2020.02.23"]
[Round "9.7"]
[White "Hlavsa, Filip"]
[Black "Saxl, Jiri"]
[Result "0-1"]
[WhiteElo "1901"]
[BlackElo "1782"]
[PlyCount "44"]
[EventDate "2019.10.13"]
[EventType "team-tourn"]
[EventRounds "11"]
[EventCountry "CZE"]
[SourceTitle "EXT 2024"]
[Source "ChessBase"]
[SourceDate "2023.10.10"]
[SourceVersion "1"]
[SourceVersionDate "2023.10.10"]
[SourceQuality "1"]
[WhiteTeam "Pisek"]
[BlackTeam "Pribram Banik"]
[WhiteTeamCountry "CZE"]
[BlackTeamCountry "CZE"]

1. e4 c5 2. Nf3 Nc6 3. Bb5 e6 4. 0-0 Nf6 5. Re1 Be7 6. a3 0-0 7. b4 cxb4 8. axb4 Bxb4 9. c3 Ba5 10. d4 d5 11. e5 Ne4 12. Qd3 f6 13. exf6 Rxf6 14. Ng5 Rxf2 15. Qh3 Nxg5 16. Bxg5 Qxg5 17. Kxf2 Bb6 18. Bxc6 bxc6 19. Qd3 e5 20. Na3 Bf5 21. Rxe5 Qf4+ 22. Qf3 Qxe5 0-1

[Event "Pardubice Czech op-C 30th"]
[Site "Pardubice"]
[Date "2019.07.26"]
[Round "8"]
[White "Salminen, Jussi"]
[Black "Hlavsa, Filip"]
[Result "1-0"]
[WhiteElo "1978"]
[BlackElo "1843"]
[PlyCount "65"]
[EventDate "2019.07.20"]
[EventType "swiss"]
[EventRounds "9"]
[EventCountry "CZE"]
[SourceTitle "EXT 2020"]
[Source "ChessBase"]
[SourceDate "2019.10.17"]
[SourceVersion "1"]
[SourceVersionDate "2019.10.17"]
[SourceQuality "1"]

1. Nf3 Nf6 2. c4 g6 3. b4 Bg7 4. Bb2 0-0 5. g3 d6 6. Bg2 e5 7. d3 Nc6 8. b5 Ne7 9. 0-0 Bd7 10. Nbd2 Qc8 11. Rc1 Bh3 12. c5 Bxg2 13. Kxg2 Qd7 14. Qb3 h6 15. Rc2 Ne8 16. Rfc1 g5 17. h3 Ng6 18. cxd6 cxd6 19. d4 Kh7 20. dxe5 dxe5 21. Nc4 e4 22. Nfe5 Qf5 23. Ne3 Qe6 24. Qxe6 fxe6 25. Nd7 Rf7 26. Nc5 Bxb2 27. Rxb2 Rc8 28. Rbc2 Nd6 29. a4 e5 30. Rd1 Rf6 31. Ng4 Re6 32. Nxe6 Rxc2 33. Rxd6 1-0

[Event "CZE-chT2C 1516"]
[Site "Czech Republic"]
[Date "2016.03.13"]
[Round "9.5"]
[White "Kucera, Tomas"]
[Black "Hlavsa, Filip"]
[Result "1-0"]
[WhiteElo "2045"]
[BlackElo "1938"]
[PlyCount "65"]
[EventDate "2015.10.18"]
[EventType "team-tourn"]
[EventRounds "11"]
[EventCountry "CZE"]
[SourceTitle "EXT 2022"]
[Source "ChessBase"]
[SourceDate "2021.10.06"]
[SourceVersion "1"]
[SourceVersionDate "2021.10.06"]
[SourceQuality "1"]
[WhiteTeam "Praha Dopravni podnik II"]
[BlackTeam "Pisek"]
[WhiteTeamCountry "CZE"]
[BlackTeamCountry "CZE"]

1. e4 e5 2. d4 d6 3. Nf3 Nd7 4. Bc4 c6 5. 0-0 Be7 6. dxe5 dxe5 7. Qe2 Ngf6 8. Rd1 Qc7 9. Ng5 0-0 10. Bxf7+ Rxf7 11. Qc4 Nc5 12. Qxf7+ Kh8 13. b4 Bg4 14. Qc4 h6 15. f3 hxg5 16. bxc5 Rd8 17. Nc3 Rxd1+ 18. Nxd1 Qa5 19. c3 Bxc5+ 20. Kh1 Bh5 21. Bxg5 Bb6 22. Ne3 Qa3 23. Qb4 Qxb4 24. cxb4 Nd7 25. Rd1 Nf8 26. Nf5 Ne6 27. Be3 Bxe3 28. Nxe3 Nd4 29. Nc4 Nxf3 30. Rd8+ Kh7 31. gxf3 Bxf3+ 32. Kg1 Bxe4 33. Nxe5 1-0

[Event "CZE-chT2A 1314"]
[Site "Czech Republic"]
[Date "2014.04.06"]
[Round "11.6"]
[White "Hlavsa, Filip"]
[Black "Rehak, Martin"]
[Result "1-0"]
[WhiteElo "1896"]
[BlackElo "2108"]
[PlyCount "81"]
[EventDate "2013.11.03"]
[EventType "team-tourn"]
[EventRounds "11"]
[EventCountry "CZE"]
[SourceTitle "EXT 2015"]
[Source "ChessBase"]
[SourceDate "2014.11.20"]
[SourceVersion "1"]
[SourceVersionDate "2014.11.20"]
[SourceQuality "1"]
[WhiteTeam "Pisek"]
[BlackTeam "Vysehrad II"]
[WhiteTeamCountry "CZE"]
[BlackTeamCountry "CZE"]

1. e4 c5 2. Nf3 Nc6 3. d4 cxd4 4. Nxd4 e5 5. Nb3 Nf6 6. f3 d5 7. Bg5 dxe4 8. Qxd8+ Nxd8 9. Bxf6 gxf6 10. Bb5+ Nc6 11. fxe4 f5 12. N1d2 fxe4 13. Nxe4 f5 14. Nf6+ Kf7 15. Nd5 Nb4 16. 0-0-0 Nxa2+ 17. Kb1 Nb4 18. Nc7 Rb8 19. Bc4+ Kg6 20. Rhe1 Nc6 21. Bb5 e4 22. Re3 a6 23. Nxa6 bxa6 24. Bxc6 Bb7 25. Bxb7 Rxb7 26. g4 Bh6 27. Rd6+ Kg5 28. gxf5 Kf4 29. Re1 Bg5 30. Re6 Rb4 31. Rxa6 Kxf5 32. Ra5+ Kf6 33. Rf1+ Kg6 34. Rg1 h6 35. h4 e3 36. hxg5 Re8 37. Ra6+ Kf5 38. Rf6+ Ke5 39. Rxh6 Rf4 40. Nc1 Kd5 41. g6 1-0

[Event "Tabor op"]
[Site "Tabor"]
[Date "2013.08.03"]
[Round "8"]
[White "Hlavsa, Filip"]
[Black "Rous, Daniel"]
[Result "0-1"]
[WhiteElo "1881"]
[BlackElo "2041"]
[PlyCount "114"]
[EventDate "2013.07.28"]
[EventType "swiss"]
[EventRounds "9"]
[EventCountry "CZE"]
[SourceTitle "CBM 155 Extra"]
[Source "ChessBase"]
[SourceDate "2013.08.26"]
[SourceVersion "1"]
[SourceVersionDate "2013.08.26"]
[SourceQuality "1"]

1. e4 c5 2. Nc3 e6 3. f4 d5 4. Bb5+ Bd7 5. Bxd7+ Qxd7 6. e5 Nc6 7. Nf3 0-0-0 8. d4 f6 9. Ne2 Nge7 10. c3 cxd4 11. cxd4 h5 12. 0-0 Nf5 13. a3 Kb8 14. Qd3 Be7 15. Bd2 Rdg8 16. b4 Nd8 17. Rfc1 Nf7 18. Rc2 Rc8 19. Rac1 Rxc2 20. Rxc2 Rc8 21. Rc3 Qa4 22. Rxc8+ Kxc8 23. Qc3+ Kd7 24. Ng3 Nxg3 25. hxg3 Nh6 26. Nh2 Qd1+ 27. Kf2 Qh1 28. Nf1 Ng4+ 29. Ke1 Nh2 30. Qd3 Qxf1+ 31. Qxf1 Nxf1 32. Kxf1 a5 33. Ke2 Kc6 34. Kd3 Kb5 35. bxa5 Bxa3 36. exf6 gxf6 37. f5 exf5 38. Ke3 Bd6 39. Be1 Bc7 40. Bd2 Bxg3 41. Kd3 Bc7 42. Bh6 Bxa5 43. Bg7 Bd8 44. Bf8 Ka4 45. Kc3 b5 46. Bd6 h4 47. Bc5 Bc7 48. Be7 Bg3 49. Bxf6 f4 50. Be5 b4+ 51. Kb2 b3 52. Kb1 Kb5 53. Kb2 Kc4 54. Kb1 Kc3 55. Kc1 f3 56. gxf3 Bxe5 57. dxe5 h3 0-1

[Event "CZE-chT2A 1011"]
[Site "Czech Republic"]
[Date "2011.04.10"]
[Round "11"]
[White "Dolezal, Martin1111"]
[Black "Hlavsa, Filip"]
[Result "1-0"]
[WhiteElo "2051"]
[BlackElo "1861"]
[PlyCount "67"]
[EventDate "2010.10.17"]
[EventType "team-tourn"]
[EventRounds "11"]
[EventCountry "CZE"]
[SourceTitle "EXT 2012"]
[Source "ChessBase"]
[SourceDate "2011.11.24"]
[SourceVersion "1"]
[SourceVersionDate "2011.11.24"]
[SourceQuality "1"]
[WhiteTeam "Vysehrad II"]
[BlackTeam "Pisek Platan"]
[WhiteTeamCountry "CZE"]
[BlackTeamCountry "CZE"]

1. e4 c5 2. Nf3 d6 3. d4 cxd4 4. Nxd4 Nf6 5. Nc3 a6 6. Rg1 Nc6 7. g4 Nxd4 8. Qxd4 Nxg4 9. Be2 Ne5 10. Be3 Bd7 11. 0-0-0 b5 12. f4 Nc6 13. Qd2 g6 14. Nd5 Rb8 15. h4 Bg7 16. h5 e6 17. Nb4 Qa5 18. Qxd6 Qxb4 19. Qxd7+ Kf8 20. Qd6+ Qxd6 21. Rxd6 Rc8 22. Rgd1 Nb4 23. Rd8+ Ke7 24. R1d7+ Kf6 25. Bd4+ e5 26. Bxe5+ Ke6 27. Bg4+ f5 28. Rd6+ Ke7 29. R8d7+ Ke8 30. Bxg7 fxg4 31. Bxh8 Rxc2+ 32. Kd1 g3 33. Bf6 g2 34. Re7+ 1-0

[Event "CZE-chT2A 0910"]
[Site "Czech Republic"]
[Date "2010.01.31"]
[Round "6.8"]
[White "Hlavsa, Filip"]
[Black "Winkelhoefer, Ladislav"]
[Result "0-1"]
[WhiteElo "1766"]
[BlackElo "2113"]
[PlyCount "64"]
[EventDate "2009.10.18"]
[EventType "team-tourn"]
[EventRounds "11"]
[EventCountry "CZE"]
[SourceTitle "EXT 2012"]
[Source "ChessBase"]
[SourceDate "2011.11.24"]
[SourceVersion "1"]
[SourceVersionDate "2011.11.24"]
[SourceQuality "1"]
[WhiteTeam "Pisek Platan"]
[BlackTeam "Plzen Sokol"]
[WhiteTeamCountry "CZE"]
[BlackTeamCountry "CZE"]

1. e4 c5 2. Nf3 d6 3. d4 cxd4 4. Nxd4 Nf6 5. Nc3 a6 6. g3 e5 7. Nb3 b5 8. Bg2 Bb7 9. Bg5 Be7 10. a3 Nbd7 11. 0-0 0-0 12. Bxf6 Nxf6 13. Qe2 Rc8 14. Rad1 Qc7 15. Kh1 Nd7 16. Bh3 f5 17. Kg1 fxe4 18. Be6+ Kh8 19. Rd2 Rcd8 20. Rfd1 Nb6 21. Na5 Ba8 22. Nxe4 d5 23. Nc3 Bg5 24. Rd3 e4 25. Rd4 Bf6 26. R4d2 Bxc3 27. bxc3 Qxc3 28. Nb3 Rde8 29. Qg4 Nc4 30. Rd4 Ne5 31. Qh3 Nf3+ 32. Kf1 Ng5 0-1

[Event "CZE-chT2A 0809"]
[Site "Czech Republic"]
[Date "2008.11.23"]
[Round "3.8"]
[White "Hlavsa, Filip"]
[Black "Soukup, Alois"]
[Result "0-1"]
[WhiteElo "1895"]
[BlackElo "2182"]
[PlyCount "62"]
[EventDate "2008.10.12"]
[EventType "team-tourn"]
[EventRounds "11"]
[EventCountry "CZE"]
[SourceTitle "EXT 2010"]
[Source "ChessBase"]
[SourceDate "2010.11.25"]
[SourceVersion "1"]
[SourceVersionDate "2010.11.25"]
[SourceQuality "1"]
[WhiteTeam "Pisek Platan"]
[BlackTeam "Plzen Sokol II"]
[WhiteTeamCountry "CZE"]
[BlackTeamCountry "CZE"]

1. e4 c5 2. Nf3 Nc6 3. d4 cxd4 4. Nxd4 g6 5. Be3 Nf6 6. Nc3 Bg7 7. Be2 0-0 8. Qd2 d6 9. 0-0-0 Ng4 10. Bxg4 Bxg4 11. f3 Bd7 12. h4 Ne5 13. Qe2 Rc8 14. Kb1 Nc4 15. Bc1 Qb6 16. Nd5 Qd8 17. b3 e6 18. bxc4 exd5 19. cxd5 Qb6+ 20. Bb2 a5 21. Qd3 a4 22. h5 Rc7 23. Rd2 Rfc8 24. Ka1 Rc4 25. a3 Bb5 26. Qe3 Qc5 27. hxg6 hxg6 28. g4 Ba6 29. Rhh2 b5 30. c3 b4 31. cxb4 Rc1+ 0-1